00969cam a2200265 450000100060000000300080000600500170001400800390003102000150007003500190008504000230010404100080012708200250013524500820016026000780024230000210032035000090034150400190035065000750036970000440044471000360048894200120052499900170053695201500055326683BD-RjUL20211209051043.0140323s1970 enk r 001 0 eng a0091019400 a(BD-RjUL)26753 aDLCcDLCdDLCbeng aeng00a068.171241bPRO 197000aProfessional organisations in the Commonwealth /cedited by Sir James Currie. aLondon :bPublished for The Commonwealth Foundation by Hutchinson,c1970. a511 p. ;c24 cm. a90/- aIncludes index 0aProfessional associationszCommonwealth countriesvDirectories.9819991 aCurrie, James,cSir,d1907-eed.9820002 aCommonwealth Foundation.982001 2ddccBK c26683d26683 00102ddc40728NFICaRUCLbRUCLcReadingd1977-05-06eW. heffers & sonsg4.50l0o068.171241 PRO 1970r2014-03-23 00:00:00tC-1w2014-03-23yBK